00342nam a2200133 a 45000010010000000030011000100080041000210350026000620820016000881000023001042450035001272600033001626500013001950000-8542ELIB.Books110520 1997  a(ELIB.Books)0000-8687 a294.5 bPan aPanikkar, Raimundo aThe Unknown Christ of hinduism bNew York: Orbis Books c1997 aHinduism